000 00496nam a2200181Ia 4500
005 20250326124002.0
008 250326s9999 xx 000 0 und d
037 _aTextbook
040 _aFMSL
_beng
_cFMSL
041 _aeng
_2eng
084 _aXy7 L2;1
_qFMSL
100 _aEpstein S T
_9736554
245 0 _aOpportunity and response
_cEpstein S T; Penny D H
260 _aLondon
_bLondon, C Hurst
_c1972
300 _a268p
942 _cTB
_hXy7 L2;1
999 _c1271766
_d1271766